=LDR 00000nam 2200000 4500 =001 INLIS000000000044417 =005 20131008105837 =008 ***********************************Ind** =035 ##$$0010-101300000002339 =041 ##$$a Ind =082 ##$$a 801 =090 ##$$a 801 , psi a =100 ##$$a Albert Minderop =245 ##$$a Psikologi Sastra =260 ##$$a 2010 $b Jakarta =300 ##$$a 328 hlm. , 22 cm =850 ##$$a NBPNMAT